Transfery Southampton w letnim okienku transferowym 2021/22. - Statystyki

Ogólne statystyki
  • Ten quiz został rozwiązany 7 razy
  • Średni wynik to 4 z 7
Statystyki odpowiedzi
Cena Pozycja Narodowość Poprzedni Klub Piłkarz % Poprawnych
Wypożyczenie Środkowy napastnik Albania Chelsea U23 Broja
100%
5,90 mln Prawy obrońca Anglia Chelsea U23 Livramento
83%
Za darmo Prawy napastnik Anglia Everton Walcott
67%
17,70 mln Środkowy napastnik Anglia Blackburn Armstrong
50%
7,50 mln Środkowy obrońca Brazylia Torino Lyanco
33%
12,00 mln Lewy obrońca Francja Stade Brest Perraud
33%
? Lewy obrońca Anglia Everton U23 Small
0%
Nie znaleziono quizów pasujących do podanych kryteriów
Rozkład punktacji
Procent ludzi z każdym wynikiem
Percentyl według liczby udzielonych odpowiedzi
Twoja historia wyników
Nie rozwiązałeś tego quizu